| 000 | 01604nam a2200385 i 4500 | ||
|---|---|---|---|
| 001 | 000016628 | ||
| 003 | DO-SdBNP | ||
| 005 | 20250307084904.0 | ||
| 007 | ta | ||
| 008 | 100308s1985 dr 001 0 spa d | ||
| 040 |
_aDO-SdBNP _bspa _cBNPHU _erda |
||
| 082 |
_axxxx _bC976 _222 |
||
| 100 | 1 |
_aMartinez L., Ana Teresa, _eautor _4aut. _983911 |
|
| 245 | 1 | 0 |
_aCurrículo / _cMaría Teresa Martínez L., Amantina Mateo Valdez, Carina T. Lavandier T., Cleyvis Indiana Barinas N. José Germán Bautista y otros ; coordinador, Ligia Teresa Pimentel R. ; colaborador, Emilio Vargas. |
| 264 | 1 |
_aSanto Domingo : _bDirección General de Medios Educativos, _bOrganización de Estados Americanos (OEA), _c1985. |
|
| 300 |
_a120 páginas _c25 cm. |
||
| 336 |
_atexto _btxt _2rdacontent |
||
| 337 |
_asin mediación _bn _2rdamedia |
||
| 338 |
_avolumen _bnc _2rdacarrier |
||
| 590 | _aInventariado, 2023/ YL | ||
| 700 | 1 |
_aMateo Valdez, Amantina _936931 |
|
| 700 | 1 |
_aLavandier T., Carina T. _983912 |
|
| 700 | 1 |
_aBarinas N., Cleyvis Indiana _983913 |
|
| 700 | 1 |
_aGermán Bautista, José _983914 |
|
| 700 | 1 |
_aCamilo A., Josefa Elena _983915 |
|
| 700 | 1 |
_aOrtiz de la R., Luisa Herminia _983916 |
|
| 700 | 1 |
_aQuéliz C., Mercedes Rhina _983917 |
|
| 700 |
_aPeralta P., Norca Ligia _983918 |
||
| 700 | 1 |
_aDuarte M., Rachel Eunice _983919 |
|
| 700 | 1 |
_aPimentel R., Ligia Teresa, _936932 _ecoordinadora _4col. |
|
| 700 | 1 |
_aVargas, Emilio, _936933 _ecolaborador |
|
| 710 | 1 |
_aRepública Dominicana. _bSecretaría de Estado de Educación, Bellas Artes y Cultos _923965 |
|
| 910 | _aYLockward | ||
| 942 |
_2ddc _cLBS1 |
||
| 999 |
_c16161 _d16161 |
||